Normale Ansicht MARC-Ansicht ISBD

Arabic Christianity between the Ottoman Levant and Eastern Europe (Titelsatznr. 62070)

[ MARC ]
MARC-Details
000 -Satzkennung
Kontrollfeld mit fester Länge 01503nam a22003853i 4500
001 - Kontrollnummer
Kontrollfeld EBC6712945
003 - Kontrollnummer Identifier
Kontrollfeld MiAaPQ
005 - Datum und Zeit der letzten Transaktion
Kontrollfeld 20230406173012.0
007 - Feld mit fester Länge zur physischen Beschreibung - Allgemeine Information
Kontrollfeld mit fester Länge cr cnu||||||||
008 - Feld mit fester Länge zur physischen Beschreibung - Allgemeine Angaben
Kontrollfeld mit fester Länge 230324s2021 xx o ||||0 eng d
020 ## - Internationale Standardbuchnummer
Internationale Standardbuchnummer 9789004465831
Nähere Angaben (electronic bk.)
020 ## - Internationale Standardbuchnummer
Gelöschte/ungültige ISBN 9789004463264
040 ## - Katalogisierungsquelle
Original-Katalogisierungsstelle MiAaPQ
Katalogisierungssprache eng
Übertragungsstelle MiAaPQ
245 10 - Titel
Titel Arabic Christianity between the Ottoman Levant and Eastern Europe
Verfasserangabe etc. edited by Ioana Feodorov, Bernard Heyberger, Samuel Noble
264 #1 - Produktion, Veröffentlichung, Distribution, Herstellung und Urheberrechtsvermerk
Herstellungs-, Veröffentlichungs- Vertriebs-, Erzeugungsort Toronto :
Produzent, Herausgeber, Distributor, Hersteller Brill,
Datum der Herstellung, der Veröffentlichung, des Vertriebs oder des Urheberschutzvermerks 2021.
264 #4 - Produktion, Veröffentlichung, Distribution, Herstellung und Urheberrechtsvermerk
Datum der Herstellung, der Veröffentlichung, des Vertriebs oder des Urheberschutzvermerks ©2021.
300 ## - Physische Beschreibung
Umfang 1 online resource (383 pages)
336 ## - Inhaltstyp
Inhaltstypterm Text
Inhaltstypcode txt
Quelle rdacontent
337 ## - Medientyp
Bezeichnung des Medientyps Computermedien
Medientypcode c
Quelle rdamedia
338 ## - Datenträgertyp
Datenträgertypbezeichnung Online Resource
Datenträgertypcode cr
Quelle rdacarrier
490 0# - Gesamttitelangabe
Gesamttitelangabe Arabic Christianity ;
Bandnummer/Folgebezeichnung v.3
500 ## - Allgemeine Fußnote
Allgemeine Fußnote E-Book-ProQuest / Fernzugriff nach Registrierung möglich
650 #7 - Nebeneintragung unter einem Schlagwort - Sachschlagwort
Sachschlagwort oder geografischer Name als Eintragungselement Kulturkontakt
Koha-Normdatenidentnummer 22494
650 #7 - Nebeneintragung unter einem Schlagwort - Sachschlagwort
Sachschlagwort oder geografischer Name als Eintragungselement Christentum
Koha-Normdatenidentnummer 22495
651 #7 - Nebeneintragung unter einem Schlagwort - Geografischer Name
Geografischer Name Osteuropa
651 #7 - Nebeneintragung unter einem Schlagwort - Geografischer Name
Geografischer Name Arabische Staaten
655 ## - Indexierungsterm - Genre/Form
Genre/Form oder fokussierter Term Fernzugriff
Koha-Normdatenidentnummer 230
700 1# - Nebeneintragung - Personenname
Personenname Feodorov, Ioana.
Koha-Normdatenidentnummer 21896
Funktionsbezeichnungscode edt
Funktionsbezeichnung editor
700 1# - Nebeneintragung - Personenname
Personenname Heyberger, Bernard.
Koha-Normdatenidentnummer 21897
Funktionsbezeichnungscode edt
Funktionsbezeichnung editor
700 1# - Nebeneintragung - Personenname
Personenname Noble, Samuel.
Koha-Normdatenidentnummer 21898
Funktionsbezeichnungscode edt
Funktionsbezeichnung editor
776 08 - Andere physische Form
Verweisungsphrase Print version:
Haupteintragung Feodorov, Ioana
Titel Arabic Christianity Between the Ottoman Levant and Eastern Europe
Ort, Verlag und Erscheinungsjahr Toronto : BRILL,c2021
Internationale Standardbuchnummer 9789004463264
830 #0 - Nebeneintragung unter dem Gesamttitel - Einheitstitel
Einheitstitel Arabic Christianity Ser.
Koha-Normdatenidentnummer 21899
856 40 - Elektronische Adresse und Zugriff
URL <a href="https://ebookcentral.proquest.com/lib/maxweberstiftung-ebooks/detail.action?docID=6712945">https://ebookcentral.proquest.com/lib/maxweberstiftung-ebooks/detail.action?docID=6712945</a>
OPAC-Notiz Volltext
942 ## - Zusätzliche Felder (Koha)
Koha-Medientyp E-Books
Klassifikation oder Aufstellungssystematik Andere/Generische Klassifikation
Exemplare
Ausgeschieden Verloren Klassifikation oder Aufstellungssystematik Beschädigt Nicht entleihbar Heimatbibliothek Aufenthaltsbibliothek Aufstellungsort Erwerbungsdatum Inventarnummer Signatur Barcode Letzte Aktivität Preis gültig von Koha-Medientyp
    Andere/Generische Klassifikation     MWN Osteuropa MWN Osteuropa Online-Ressource 24/03/2023 23-e00513 E-23-e00513 64655 24/03/2023 24/03/2023 E-Books